Todos os jogadores do Barcelona - Statistics

Estatísticas Gerais
  • Esse quiz foi jogado 341 vezes
  • A pontuação média é 12 de 20
Estatísticas das Respostas
Numero Jogador % Correto
9 Robert Lewandowski
90%
1 Marc-Andre Ter Stegen
89%
8 Pedri
88%
6 Gavi
87%
11 Raphinha
86%
4 Ronald Araujo
76%
Treinador Xavi
75%
7 Ferran Torres
63%
3 Alejandro Balde
62%
21 Frenkie De Jong
62%
23 Jules Kounde
60%
2 Joao Cancelo
51%
15 Andreas Christensen
50%
22 Ilkay Gundogan
49%
14 Joao Felix
45%
20 Sergi Roberto
44%
18 Oriol Romeu
35%
5 Inigo Martinez
33%
13 Inaki Pena
30%
17 Marcos Alonso
30%
Nenhum quiz correspondente encontrado
Distribuição das Pontuações
Porcentagem de Pessoas com Cada Pontuação
Percentil de Números Respondidos
Sua Pontuação Histórica
Você não jogou esse quiz